[Event "NATO-ch 20th"]
[Site "Hammelburg"]
[Date "2009.06.16"]
[Round "2"]
[White "Barta, Csaba"]
[Black "Nielsen, Jan Mose"]
[Result "0-1"]
[WhiteElo "1903"]
[BlackElo "2099"]
[PlyCount "86"]
[EventDate "2009.06.15"]
[EventType "swiss"]
[EventRounds "7"]
[EventCountry "GER"]
[SourceTitle "CBM 130 Extra"]
[Source "ChessBase"]
[SourceDate "2009.07.02"]
[SourceVersion "2"]
[SourceVersionDate "2009.07.15"]
[SourceQuality "1"]

1. d4 Nf6 2. Nf3 d5 3. e3 c6 4. c4 e6 5. a3 Nbd7 6. Nc3 Bd6 7. Bd3 h6 8. cxd5 exd5 9. b4 a6 10. h3 0-0 11. 0-0 Re8 12. Qc2 Nf8 13. Rb1 Bd7 14. Re1 Qc8 15. h4 Ng6 16. e4 dxe4 17. Nxe4 Nxe4 18. Rxe4 f5 19. Rxe8+ Qxe8 20. Bd2 Qf8 21. Re1 Qf6 22. Qc4+ Kh8 23. d5 Ne5 24. Nxe5 Bxe5 25. g3 Re8 26. Bf1 cxd5 27. Qxd5 Bc6 28. Qc4 Rd8 29. Bf4 Bc3 30. Rb1 b5 31. Qc5 Bd4 32. Qc1 Be4 33. Rb3 Qe6 34. Re3 Bxe3 35. Bxe3 Qb3 36. Be2 Qd5 37. Bxh6 gxh6 38. Qxh6+ Kg8 39. Qg6+ Kf8 40. Qh6+ Ke7 41. Qg7+ Kd6 42. Qf6+ Kc7 43. f4 Qd4+ 0-1